000 01058nam a22002537a 4500
005 20170124102947.0
010 _aB-068555
020 _c150.00
035 _aB-068555
037 _bCen Lib/Ret
040 _aDPL
_bHN
082 _a821
_bकाकाहा
100 _aकाका, हाथरसी
_9210
245 _aजय बोलो बेईमान की /
_cकाका हाथरसी
246 _aJay bolo beyiman ki /
_bby Kaka Hatharsi
260 _aनई दिल्ली
_bडायमनड पॉकेट बुक्स
_c2002
270 _aएक्स-30, ओखला इंडस्ट्रीयल एरिया, फेज-2
_bनई दिल्ली
_e110020
300 _a160पृ. :
_c21सेमी (सजिल्द)
_bचित्र
650 _aहिंदी साहित्य
_950305
650 _aहिंदी--काव्य
_950306
650 _aHindi literature
_950307
650 _aHindi--Poetry
_950308
942 _2ddc
_cHN
_h821
_mकाकाहा
999 _c113037
_d113037